000 00710nam a2200205Ia 4500
005 20240530103128.0
008 140319s1966 xx 000 0 ara d
040 _aGCL /
_cGCL
082 0 4 _a410 /
_bم م
100 1 _aمحمد احمد ابوالفرج
245 1 0 _aمقدمة لدراسة فقه اللغة /
_cتاليف محمد احمد ابوالفرج
250 _aالاولى
260 _aبيروت :
_bدار النهضة العربية،
_c1966
300 _a142 ص؛
_c24 سم
650 0 4 _aفقه اللغة العربية الحديثة
650 0 4 _aاللغة العربية
650 0 4 _aفقه اللغة
942 _2ddc
_cBK
999 _c37045
_d37045